Brzo tipkanje - Hrvatska - Statistics

General Stats
  • This quiz has been taken 305 times
  • The average score is 7 of 8
Answer Stats
% Correct
H
100%
R
97%
V
95%
A
93%
T
92%
S
90%
K
88%
A
87%
No matching quizzes found
Score Distribution
Percent of People with Each Score
Percentile by Number Answered
Your Score History
You have not taken this quiz